Quick Pick: Governors of Alabama Quiz Stats

 Plays Quiz not verified by Sporcle

Challenge
Share
Tweet
Embed
Score 0/10 Timer 01:00
0 Plays Today
% Correct
George C. Wallace
92.4%
Bob Riley
86.3%
Lurleen Wallace
86%
Robert Bentley
82%
William Wyatt Bibb
80.6%
H. Guy Hunt
74.5%
Fob James
74.1%
Don Siegelman
73.7%
Thomas H. Watts
61.5%
William D. Jelks
55.8%

You're not logged in!

Compare scores with friends on all Sporcle quizzes.
Join for Free
OR
Log In

You Might Also Like...

Show Comments

Extras

Top Quizzes Today


Score Distribution

Your Account Isn't Verified!

In order to create a playlist on Sporcle, you need to verify the email address you used during registration. Go to your Sporcle Settings to finish the process.

Report this User

Report this user for behavior that violates our Community Guidelines.

Details: